02557nam a2200253Ia 4500001000400000008004100004010000800045041001400053082001400067245017400081260001800255300000700273520000700280630002300287630002700310630001400337630002500351630002900376650002400405700003500429700004000464700003800504520176100542890241029s9999 xx 000 0 und d a812 aEspañol aNO APLICA 0aEl mejoramiento de la estructura organizativa de dirección a través de un sistema de acciones en la Escuela República de Guatemala, Distrito 15-05 año 2012-2013. aSanto Domingo a79 a30 aCentros Educativos aDirectores de Escuelas aGestión aPrograma de Estudios aPropuesta Metodológica aGestión Educativa easesoraCueva Casas, Carlos M. eautoraTineo de los Santos , Lucido eautoraDe Jesús Guerrero, Juana aEl objetivo principal de esta investigación consiste en proponer un sistema de acciones que contribuya al mejoramiento de la estructura organizativa de dirección de la Escuela República de Guatemala. Esta investigación estuvo guiada por el método dialéctico-materialista. La población que se utilizó en esta investigación fueron una directora, un sub-director, dos (2) coordinadoras docentes, una orientadora y veintidós (22) docentes de la Escuela República de Guatemala pertenecientes al Distrito 15-05. La muestra coincide con la población.Los métodos teóricos utilizados en esta investigación fueron el histórico-lógico, el sistémitico y el de inducción-deducción; los empíricos fueron el matemático-estadístico. Las técnicas para la recolección de datos fueron la entrevista, la encuesta, la observación y consulta a especialista.El sistema de acción propuesto tiene un enfoque sistemático y carácter personalizado, dirigido a mejorar la estructura organizativa de dirección en tanto propicia acciones para la integración del equipo de gestión, fortalecer la determinación de las funciones, la participación y participación de toda la comunidad educativa en el proceso de gestión y el seguimiento y evaluación. El sistema de acciones propuesto que parte de un enfoque sistemático y personalizado, implica la superación de las dificultades en cuanto al funcionamiento del sistema de dirección de la escuela Pública de Guatemala y debe comenzar por una mejor preparación del equipo.El estudio recomienda aplicar en su totalidad el sistema de acciones propuesto, para el mejoramiento de la estructura organizativa de dirección de la Escuela República de Guatemala.